000 00532nam a22001937a 4500
003 KOHA_MİRAKIL
005 20251111091938.0
008 251111b tu ||||| |||| 00| 0 tur d
020 _a9789753631316
040 _aTR-AnABB
_btur
_cTR-AnABB
041 _atur
082 _a400.141
_bBAR 2012
100 1 _aBarthes, Roland,
245 1 0 _aGöstergebilimsel serüven /
_cRoland Barthes
260 _aİstanbul :
_bYapı Kredi Yayınları,
_c2012
300 _a229 sayfa ;
_c21 cm
650 0 4 _aBilim
942 _2ddc
_cBK
999 _c9329
_d9329
900 _bGizem YORULMAZ